| 000 | 00760nam a22001937a 4500 | ||
|---|---|---|---|
| 999 |
_c18351 _d18351 |
||
| 003 | AR-CdUCM | ||
| 008 | 190513b ||||| |||| 00| 0 spa d | ||
| 040 |
_aMUNICIPALIDAD PROVINCIAL DEL CUSCO _cBIBLIOTECA MUNICIPAL DEL CUSCO |
||
| 082 |
_a334.6 / _bR63 |
||
| 100 |
_aRío, Jorge del. _938874 |
||
| 245 | _aLas cooperativas de trabajo / | ||
| 260 |
_c1954. _aBuenos Aires : _bLibrería jurídica, |
||
| 300 |
_a190 páginas ; _c20 cm. |
||
| 505 | _aContenido : El cooperativismo -- Las cooperativas de trabajo -- La ley argentina 11.388 de cooperativas -- Las cooperativas y los impuestos -- Cómo se constituye una sociedad cooperativa ... | ||
| 650 |
_aCooperativa. _938558 |
||
| 650 |
_aSociedad. _953 |
||
| 942 |
_2ddc _cLIBROS |
||
| 945 |
_arum _d2019-05-13 |
||